| 000 | 00761nam a2200229 i 4500 | ||
|---|---|---|---|
| 001 | 52587 | ||
| 003 | ES-MaACL | ||
| 005 | 20250808004004.0 | ||
| 007 | t| | ||
| 008 | 030901s1962 sp ||||1| spa d | ||
| 100 | 1 |
_aChenu, Marie-Dominique ( _d1895-1990) _938350 |
|
| 245 | 1 | 0 |
_aSanto Tomás de Aquino y la teología / _cM.D. Chenu ; traducción del francés por Manuel Fuentes Benot. |
| 260 |
_aMadrid : _bAguilar, _c1962. |
||
| 300 |
_a223 p. : _bil. ; _c18 cm. |
||
| 490 | 1 | _aHombres de Espíritu | |
| 600 | 0 | 4 |
_aTomás de Aquino, _cSanto _9110514 |
| 650 | 0 | 7 |
_aTeología _2embne _917457 |
| 700 | 1 |
_aFuentes Benot, Manuel. _952914 |
|
| 830 | 0 | 0 |
_aHombres de espíritu _9182401 |
| 852 |
_aES-MaACL _jC-20306 _bR.50784 |
||
| 999 |
_c52587 _d52587 |
||